000 01104cam a2200289 i 4500
003 SA-RiAUC
005 20250915131422.0
008 250913s1986 ku g 000 0 ara c
040 _aSA-RiKSU
_bara
_cSA-RiAUC
_erda
050 4 _bS58 1986
082 0 4 _a252.45
_qSA-RiAUC
090 _a252.45
_bش ب ي
100 1 _aشبير، محمد عثمان،
_d1949-
_eمؤلف.
245 1 0 _aزكاة حلي الذهب والفضة والمجوهرات /
_cمحمد عثمان شبير.
250 _aالطبعة الأولى.
264 1 _aالكويت :
_bمكتبة الفلاح،
_c1986
300 _a123 صفحة ؛
_c24 سم
336 _aنص
_btxt
_2rdacontent
_3كتاب
337 _aبدون وسيط
_bn
_2rdamedia
338 _aمجلد
_bnc
_2rdacarrier
650 7 _aالعبادات (فقه إسلامي)
_2aucsh
650 7 _aالزكاة (فقه إسلامي)
_2aucsh
650 7 _aزكاة الذهب (فقه إسلامي)
_2aucsh
650 7 _aزكاة الفضة (فقه إسلامي)
_2aucsh
942 _2ddc
_cBOOK
_n0
949 _aSA-JeALM
_d250913
_umohamedma123
_n1
999 _c11788
_d11788